01497 a2200229 4500003000500000005001700005010001600022020001700038040000900055082001600064100002800080245010600108250001200214260003700226300004800263505085200311650001401163650002401177650001301201650002101214700003201235Nust20221020114447.0 a 88002917 a0070799237 : cNust00a620.105,BEE1 aBeer, Ferdinand Pierre,10aVector mechanics for engineers :pStatics and dynamics /cFerdinand P. Beer, E. Russell Johnston, Jr. a5th ed. aNew York :bMcGraw-Hill,cc1988. axxii, 1026 p. :bill. (some col.) ;c24 cm. aIntroduction (Page-1), Statics of Particles (Page-14), Rigid Bodies: Equivalent Systems of Forces (Page-59), Equilibrium of Rigid Bodies (Page-126), Distributed Forces: Centroids and Centres of Gravity (Page-170), Analysis of Structures (Page-222), Forces in Beams and Cables (Page-276), Friction (Page-317), Distributed Forces: Moments of Inertia (Page-363), Method of Virtual Work (Page-426), Kinematic of Particles (Page-459), Kinetics of Particles: Newton’s Second Law (Page-525), Kinetics of Particles: Energy and Momentum Methods (Page-573), Systems of Particles (Page-652), Kinematic of Rigid Bodies (Page-702), Plane Motion of Rigid Bodies: Forces and Accelerations (Page-784), Plane Motion of Rigid Bodies: Energy and Momentum Methods (Page-835), Kinetics of Rigid Bodies in Three Dimensions (Page-890), Mechanical Vibrations (Page-942) 0aDynamics. 0aMechanics, Applied. 0aStatics. 0aVector analysis.1 aJohnston, E. Russelld1925-